[Event "39th TCh-GRE"]
[Site "Eretria GRE"]
[Date "2011.07.03"]
[Round "1.7"]
[White "Makropoulou, Marina"]
[Black "Themeli, Dimitra"]
[Result "1-0"]
[WhiteTitle "WGM"]
[WhiteElo "2282"]
[BlackElo "1684"]
[WhiteTeam "N.O. Kalamatas Poseidon"]
[BlackTeam "E.O.A.O. Fysiolatris Nikaia"]
[WhiteFideId "4200187"]
[BlackFideId "4227689"]
[EventDate "2011.07.03"]

1. e4 d5 2. exd5 Qxd5 3. Nc3 Qd6 4. d4 Nf6 5. Bd3 a6 6. Nge2 Bg4 7. f3 Bh5 8.
Bf4 Qd7 9. Qd2 Nc6 10. Ne4 Nxe4 11. Bxe4 e6 12. O-O-O Bd6 13. d5 Nb4 14. Bxd6
Qxd6 15. dxe6 Qxd2+ 16. Rxd2 fxe6 17. Bxb7 Rb8 18. Be4 c6 19. a3 Nd5 20. Nd4 Rc8
21. Nxe6 Kf7 22. Nd4 Ne7 23. Rhd1 Rhd8 24. Nf5 Rxd2 25. Rxd2 Rc7 26. Nxe7 Rxe7
27. b4 Bg6 28. Bxc6 Rc7 29. Rd7+ Rxd7 30. Bxd7 Ke7 31. Bc8 1-0

[Event "39th TCh-GRE"]
[Site "Eretria GRE"]
[Date "2011.07.03"]
[Round "1.7"]
[White "Hristodoulaki, Antonia"]
[Black "Filopoulou, Aggeliki"]
[Result "1-0"]
[WhiteElo "1921"]
[BlackElo "1492"]
[WhiteTeam "E.O.A.O. Fysiolatris Nikaia"]
[BlackTeam "N.O. Kalamatas Poseidon"]
[WhiteFideId "4214935"]
[BlackFideId "4219473"]
[EventDate "2011.07.03"]

1. c4 e5 2. g3 Nf6 3. Nc3 Nc6 4. Bg2 Bc5 5. d3 d6 6. Bd2 Bd7 7. Na4 Bb6 8. b4
Bd4 9. Rb1 a6 10. c5 b5 11. cxb6 Bxb6 12. Nxb6 cxb6 13. Nf3 O-O 14. O-O Rc8 15.
Qb3 Re8 16. Rfc1 d5 17. Be3 d4 18. Bd2 b5 19. Rc5 e4 20. Ng5 Be6 21. Nxe6 Rxe6
22. Bh3 Re5 23. Bxc8 Qxc8 24. Rbc1 Rxc5 25. Rxc5 Qe8 26. Qc2 e3 27. fxe3 dxe3
28. Be1 Nd4 29. Qb2 Ne6 30. Rc1 h6 31. Qe5 Ng4 32. Qe4 Nf6 33. Qxe3 Nd5 34. Qe4
Qd7 35. Bd2 Nf6 36. Qf5 Qd4+ 37. Qf2 Qxf2+ 38. Kxf2 Ng4+ 39. Kg2 Nd4 40. Rc8+
Kh7 41. Re8 Nf6 42. Re7 Kg6 43. e3 Nf5 44. Ra7 1-0

[Event "39th TCh-GRE"]
[Site "Eretria GRE"]
[Date "2011.07.03"]
[Round "1.7"]
[White "Michelakos, Panagiotis"]
[Black "Diasakos, Spyridon"]
[Result "1-0"]
[WhiteElo "2111"]
[BlackElo "1625"]
[WhiteTeam "E.O.A.O. Fysiolatris Nikaia"]
[BlackTeam "N.O. Kalamatas Poseidon"]
[WhiteFideId "4216067"]
[BlackFideId "4227530"]
[EventDate "2011.07.03"]

1. d4 Nf6 2. Nf3 e6 3. g3 b6 4. Bg2 Bb7 5. O-O Be7 6. c4 d6 7. b3 Nbd7 8. Bb2
O-O 9. Nbd2 Re8 10. Qc2 Bf8 11. e4 e5 12. d5 a5 13. a3 g6 14. Ne1 Bg7 15. Nd3
Qe7 16. b4 axb4 17. axb4 Rxa1 18. Bxa1 Ra8 19. Bb2 c6 20. Re1 cxd5 21. cxd5 Ne8
22. Bh3 Ndf6 23. Qb3 Bc8 24. Bg2 Ng4 25. Nc4 Qb7 26. h3 Nh6 27. Bc1 f6 28. b5
Nf7 29. Be3 Nc7 30. Nxb6 Rb8 31. Rc1 Bh6 32. Nxc8 Nxb5 33. Bxh6 Nxh6 34. Bf1 Nd4
35. Qxb7 Rxb7 36. Nxd6 1-0

[Event "39th TCh-GRE"]
[Site "Eretria GRE"]
[Date "2011.07.03"]
[Round "1.8"]
[White "Berzinsh, Roland"]
[Black "Ragger, Markus"]
[Result "0-1"]
[WhiteTitle "IM"]
[BlackTitle "GM"]
[WhiteElo "2434"]
[BlackElo "2651"]
[WhiteTeam "Ilioupolis CC"]
[BlackTeam "HRC Korydallos"]
[WhiteFideId "11600357"]
[BlackFideId "1610856"]
[EventDate "2011.07.03"]

1. e4 e5 2. Nf3 Nc6 3. Bb5 a6 4. Ba4 Nf6 5. O-O Be7 6. Re1 b5 7. Bb3 d6 8. c3
O-O 9. h3 Nb8 10. d4 Nbd7 11. Nbd2 Bb7 12. Bc2 Re8 13. Nf1 Bf8 14. Ng3 g6 15. b3
Bg7 16. d5 Rc8 17. c4 c6 18. Be3 Nb6 19. dxc6 Bxc6 20. Nd2 Nfd7 21. a4 bxa4 22.
bxa4 a5 23. Ne2 Bb7 24. Nc3 Nxc4 25. Nxc4 Rxc4 26. Nb5 Bf8 27. Bb3 Rb4 28. f3
Nc5 29. Bd5 Bxd5 30. exd5 Qh4 31. Bxc5 dxc5 32. d6 Rd8 33. Qd5 Rb2 34. Kh1 Qg3
35. f4 Bxd6 36. Rg1 Be7 37. Qxe5 Rdd2 38. Ra3 Rxg2 0-1

[Event "39th TCh-GRE"]
[Site "Eretria GRE"]
[Date "2011.07.03"]
[Round "1.8"]
[White "Antoniewski, Rafal"]
[Black "Gogolis, Alexandros"]
[Result "1-0"]
[WhiteTitle "GM"]
[BlackTitle "FM"]
[WhiteElo "2586"]
[BlackElo "2261"]
[WhiteTeam "HRC Korydallos"]
[BlackTeam "Ilioupolis CC"]
[WhiteFideId "1111078"]
[BlackFideId "4202066"]
[EventDate "2011.07.03"]

1. e4 d5 2. exd5 Qxd5 3. Nc3 Qa5 4. g3 Nf6 5. Bg2 Bg4 6. Nge2 c6 7. h3 Bxe2 8.
Qxe2 e6 9. O-O Nbd7 10. d4 Be7 11. Rd1 Qd8 12. h4 O-O 13. Ne4 Nxe4 14. Bxe4 Nf6
15. Bf3 a5 16. c4 Re8 17. Kg2 Qb6 18. Be3 Qa6 19. Rac1 Rad8 20. Qc2 Rd7 21. g4
Red8 22. g5 Ne8 23. h5 g6 24. hxg6 fxg6 25. Qe4 Ng7 26. Bg4 Kf7 27. Rh1 Rh8 28.
Qe5 b5 29. Bxe6+ Nxe6 30. Qxh8 Ng7 31. Rxh7 Bf8 32. Rch1 1-0

[Event "39th TCh-GRE"]
[Site "Eretria GRE"]
[Date "2011.07.03"]
[Round "1.8"]
[White "Ignatiadis, Konstantinos"]
[Black "Tsiamis, Konstantinos"]
[Result "1/2-1/2"]
[BlackTitle "FM"]
[WhiteElo "2133"]
[BlackElo "2262"]
[WhiteTeam "Ilioupolis CC"]
[BlackTeam "HRC Korydallos"]
[WhiteFideId "4203100"]
[BlackFideId "4204905"]
[EventDate "2011.07.03"]

1. Nf3 Nf6 2. c4 g6 3. Nc3 d5 4. cxd5 Nxd5 5. g3 Bg7 6. Bg2 Nb6 7. O-O e5 8. d3
Nc6 9. a4 a5 10. Bg5 f6 11. Be3 O-O 12. Bxb6 cxb6 13. Nb5 f5 14. Nd2 Be6 15. Rc1
Rc8 16. Nc4 Bxc4 17. Rxc4 Qd7 18. Qb3 Kh8 19. Nc3 Nb4 20. Nd5 Nxd5 21. Rxc8 Rxc8
22. Bxd5 Rc5 23. Bc4 Qc7 24. Bb5 Qe7 25. Bc4 Qc7 26. Rd1 Bf6 27. Bb5 Qe7 28. e3
Kg7 29. Qa3 Qc7 30. Qb3 Qd6 31. Re1 Rc7 32. Bc4 Qc5 33. Qb5 Qxb5 34. Bxb5 Rc2
35. b3 Kf8 36. Bc4 Ke7 37. Kf1 Kd6 38. Re2 Rxe2 39. Kxe2 g5 40. Bg8 h6 41. Kf3
h5 42. h3 h4 43. g4 f4 44. Ke4 fxe3 45. fxe3 Bd8 46. Bd5 b5 47. axb5 b6 48. Bc4
Be7 49. d4 1/2-1/2

[Event "39th TCh-GRE"]
[Site "Eretria GRE"]
[Date "2011.07.03"]
[Round "1.8"]
[White "Ikonomopoulou, Maria"]
[Black "Ungure, Liga"]
[Result "1-0"]
[WhiteTitle "WFM"]
[BlackTitle "WFM"]
[WhiteElo "2102"]
[BlackElo "2101"]
[WhiteTeam "HRC Korydallos"]
[BlackTeam "Ilioupolis CC"]
[WhiteFideId "4209958"]
[BlackFideId "11600330"]
[EventDate "2011.07.03"]

1. e4 c5 2. Nf3 Nc6 3. d4 cxd4 4. Nxd4 Nf6 5. Nc3 d6 6. Bc4 e6 7. O-O Be7 8. Be3
O-O 9. Nb3 Bd7 10. f4 a6 11. Qf3 Nb4 12. Bd3 Nxd3 13. cxd3 Bc6 14. g4 d5 15. g5
Ne8 16. Rad1 f6 17. Nd4 Nc7 18. Qh5 g6 19. Qh6 fxg5 20. f5 exf5 21. exf5 Be8 22.
Nce2 Qd6 23. Bxg5 Bxg5 24. Qxg5 Kh8 25. Rc1 Rg8 26. f6 Bf7 27. Rf3 Ne6 28. Nxe6
Qxe6 29. Nd4 Qb6 30. Rf4 Rac8 31. Rxc8 Rxc8 32. Qh6 Rc1+ 33. Kg2 Qxb2+ 34. Rf2 1-0

[Event "39th TCh-GRE"]
[Site "Eretria GRE"]
[Date "2011.07.03"]
[Round "1.8"]
[White "Anastasopoulou, Andrianna"]
[Black "Selianiti, Eleana"]
[Result "1-0"]
[WhiteElo "1786"]
[BlackElo "1678"]
[WhiteTeam "Ilioupolis CC"]
[BlackTeam "HRC Korydallos"]
[WhiteFideId "4212746"]
[BlackFideId "4235860"]
[EventDate "2011.07.03"]

1. d4 d5 2. c4 e6 3. Nc3 Be7 4. cxd5 exd5 5. Qc2 g6 6. Nf3 c6 7. Bf4 Bf5 8. Qb3
Qb6 9. Qxb6 axb6 10. e3 Nd7 11. Be2 Ngf6 12. h3 h5 13. O-O O-O 14. Rfd1 Ne4 15.
Nxe4 Bxe4 16. Nd2 Bf5 17. a3 g5 18. Bh2 g4 19. hxg4 hxg4 20. f3 gxf3 21. Bxf3
Nf6 22. Re1 Ne4 23. Nxe4 Bxe4 24. Bxe4 dxe4 25. Rad1 Bf6 26. Re2 Ra5 27. Bc7 Bd8
28. Bxd8 Rxd8 29. Rf1 Rd7 30. Ref2 Rb5 31. b4 Rbd5 32. Rf4 Re7 33. Rg4+ Kf8 34.
Rff4 f5 35. Rg5 Rf7 36. g4 fxg4 37. Rgxg4 Rxf4 38. Rxf4+ Ke7 39. Rxe4+ Kd6 40.
Kf2 c5 41. dxc5+ bxc5 42. bxc5+ Kxc5 43. Ke2 Kd6 44. Rd4 Rxd4 45. exd4 b5 46.
Kd3 Kd5 47. Kc3 Ke4 48. Kb4 Kxd4 49. Kxb5 1-0

[Event "39th TCh-GRE"]
[Site "Eretria GRE"]
[Date "2011.07.03"]
[Round "1.8"]
[White "Koutoukidis, Panagiotis"]
[Black "Noutsos, Stamoulis"]
[Result "1/2-1/2"]
[WhiteElo "2046"]
[BlackElo "1771"]
[WhiteTeam "Ilioupolis CC"]
[BlackTeam "HRC Korydallos"]
[WhiteFideId "4244702"]
[BlackFideId "4236467"]
[EventDate "2011.07.03"]

1. e4 c6 2. d4 d5 3. f3 dxe4 4. fxe4 e5 5. Nf3 Bg4 6. c3 Nd7 7. Bd3 Ngf6 8. O-O
Bd6 9. h3 Bh5 10. Nbd2 b5 11. a4 a6 12. axb5 axb5 13. Rxa8 Qxa8 14. Qe1 O-O 15.
Nh4 Qa7 16. Nf5 exd4 17. cxd4 Bg6 18. Nb3 Bxf5 19. Rxf5 Qa4 20. Bc2 Qc4 21. Qc3
Qxc3 22. bxc3 Bc7 23. Bg5 Bb6 24. Kf2 Ra8 25. Ke3 h6 26. Bxf6 Nxf6 27. g4 Ra2
28. Rf2 Ra8 29. Rg2 Re8 30. Nd2 Nd5+ 31. Kf3 Nxc3 32. Nb3 Rd8 33. Ke3 b4 34. Bd3
Ra8 35. Bc4 Kf8 36. Rg1 Ke7 37. h4 Ra2 38. g5 hxg5 39. hxg5 Rc2 40. Kd3 Rf2 41.
Ke3 Rh2 42. Rf1 Rh3+ 43. Rf3 Nd1+ 44. Ke2 Rxf3 45. Kxf3 Nb2 46. Ba6 Kd6 47. Bb7
Nc4 48. Ba6 Na5 49. Nxa5 Bxa5 50. Bc4 f6 51. gxf6 gxf6 52. Ke3 c5 1/2-1/2

[Event "39th TCh-GRE"]
[Site "Eretria GRE"]
[Date "2011.07.03"]
[Round "1.9"]
[White "Navara, David"]
[Black "Koliopoulos, Konstantinos"]
[Result "1-0"]
[WhiteTitle "GM"]
[WhiteElo "2722"]
[BlackElo "2262"]
[WhiteTeam "OS Triandria"]
[BlackTeam "AO Zenon Glyfadas"]
[WhiteFideId "309095"]
[BlackFideId "4202244"]
[EventDate "2011.07.03"]

1. d4 Nf6 2. c4 e6 3. Nf3 Bb4+ 4. Bd2 a5 5. Nc3 b6 6. Bg5 Bb7 7. e3 h6 8. Bh4
Bxc3+ 9. bxc3 d6 10. Nd2 Nbd7 11. f3 Qe7 12. Bd3 e5 13. e4 Nf8 14. Bc2 Bc6 15.
Nf1 N8h7 16. Ne3 O-O 17. O-O Bd7 18. Nd5 Qd8 19. f4 exf4 20. e5 g5 21. exf6 Nxf6
22. Qd3 Re8 23. Rxf4 1-0

[Event "39th TCh-GRE"]
[Site "Eretria GRE"]
[Date "2011.07.03"]
[Round "1.9"]
[White "Papastavropoulos, Andreas"]
[Black "Argiroudis, Stamatis"]
[Result "0-1"]
[WhiteTitle "FM"]
[WhiteElo "2257"]
[BlackElo "2308"]
[WhiteTeam "AO Zenon Glyfadas"]
[BlackTeam "OS Triandria"]
[WhiteFideId "4201230"]
[BlackFideId "4202210"]
[EventDate "2011.07.03"]

1. e4 c5 2. Nf3 e6 3. d4 cxd4 4. Nxd4 Nc6 5. Nc3 Qc7 6. Nb3 a6 7. Bd3 b5 8. a3
Bb7 9. f4 h5 10. Be3 Nf6 11. Qd2 d6 12. h3 Rc8 13. O-O Be7 14. a4 b4 15. Na2 O-O
16. Qe2 Na5 17. Nxb4 Nc4 18. c3 a5 19. Nc2 Nxb2 20. e5 dxe5 21. fxe5 Qxe5 22.
Bd4 Qg5 23. Bb5 Nc4 24. Bxc4 Rxc4 25. Be3 Qg6 26. Bd4 Rcc8 27. Nxa5 Be4 28. Ne1
Bc5 29. Nc4 Bxd4+ 30. cxd4 Bd5 31. Nb6 Rcd8 32. a5 Ne4 33. Qd3 e5 34. dxe5 Bc6
35. Qe3 Rfe8 36. Nf3 Nd2 37. Nh4 Nxf1 38. Rxf1 Qe4 39. Qxe4 Bxe4 40. Re1 Rxe5
41. Nf3 Ree8 42. Ra1 Rd6 43. Nc4 Rc6 44. Nce5 Ra6 45. Nd7 Bxf3 46. gxf3 Rea8 0-1

[Event "39th TCh-GRE"]
[Site "Eretria GRE"]
[Date "2011.07.03"]
[Round "1.9"]
[White "Kelesiadis, Georgios"]
[Black "Kordis, Konstantinos"]
[Result "1/2-1/2"]
[WhiteElo "2095"]
[BlackElo "2207"]
[WhiteTeam "OS Triandria"]
[BlackTeam "AO Zenon Glyfadas"]
[WhiteFideId "4205740"]
[BlackFideId "4205197"]
[EventDate "2011.07.03"]

1. e4 c5 2. Nf3 e6 3. c3 d5 4. exd5 Qxd5 5. d4 Nf6 6. Be3 cxd4 7. cxd4 Bb4+ 8.
Nc3 O-O 9. Bd3 b6 10. O-O Qd8 11. Qe2 Bb7 12. Rad1 Nd5 13. Bg5 Be7 14. Qe4 g6
15. Qh4 Bxg5 16. Nxg5 h5 17. Rfe1 Qf6 18. Qg3 Nd7 19. Nce4 Qf4 20. Nd6 Qxg3 21.
hxg3 Rab8 22. Rc1 N7f6 23. Bxg6 fxg6 24. Nxe6 Rfe8 25. Nxe8 Rxe8 26. Nf4 Rxe1+
27. Rxe1 Nxf4 28. gxf4 Kf7 29. Re5 Bd5 30. b3 Be6 31. g3 Nd5 32. Re2 Ke7 33. f3
Kd6 34. Kf2 a5 35. Re5 Bf5 36. Re2 Nc3 37. Rd2 b5 38. Ke3 b4 39. Rg2 Bb1 40. f5
gxf5 41. Kf4 Bxa2 42. Rb2 Bb1 43. Kg5 Kd5 44. Kxh5 Kxd4 45. g4 fxg4 46. fxg4 Be4
47. g5 Nb5 48. Ra2 Na3 49. Rh2 Kc3 50. Rh3+ Kb2 51. Re3 Bd5 52. Re5 Bxb3 53.
Rxa5 Bc2 54. g6 Bxg6+ 55. Kxg6 b3 56. Ra8 1/2-1/2

[Event "39th TCh-GRE"]
[Site "Eretria GRE"]
[Date "2011.07.03"]
[Round "1.9"]
[White "Vafiadou, Asimenia"]
[Black "Farmaki, Athanasia"]
[Result "1/2-1/2"]
[WhiteElo "1641"]
[BlackElo "1715"]
[WhiteTeam "OS Triandria"]
[BlackTeam "AO Zenon Glyfadas"]
[WhiteFideId "4218914"]
[BlackFideId "4212878"]
[EventDate "2011.07.03"]

1. d4 d5 2. Nf3 Nf6 3. Bg5 e6 4. c3 Be7 5. Nbd2 Nbd7 6. e3 b6 7. Bd3 Bb7 8. O-O
O-O 9. Ne5 c5 10. f4 Qc7 11. Qf3 Rfe8 12. g4 Nf8 13. h4 Ne4 14. Nxe4 dxe4 15.
Bxe4 Bxe4 16. Qxe4 f6 17. Bxf6 gxf6 18. Nf3 cxd4 19. exd4 Bd6 20. f5 exf5 21.
Qd5+ Kh8 22. Qxf5 Re6 23. Kh1 Qg7 24. Rg1 Rae8 25. Rg2 Qg6 26. Rag1 Re2 27. Qd5
Bf4 28. Qc6 Rxg2 29. Rxg2 Re6 30. Qc8 Qe8 31. Qb7 Qc6 32. Qxc6 Rxc6 33. Re2 Re6
34. Rxe6 Nxe6 35. d5 Nc7 36. c4 Kg7 37. Kg2 Kf7 38. Kf2 Ke7 39. Ke2 Kd6 40. Kd3
Kc5 41. a3 a5 42. Kc3 Be5+ 43. Nxe5 fxe5 44. b4+ axb4+ 45. axb4+ Kd6 46. g5 Ne8
47. Kd3 b5 48. h5 bxc4+ 49. Kxc4 Nc7 50. g6 hxg6 51. hxg6 Nxd5 52. g7 Nf6 53. b5
e4 54. Kd4 Kc7 55. g8=Q Nxg8 56. Kxe4 Kb6 1/2-1/2

[Event "39th TCh-GRE"]
[Site "Eretria GRE"]
[Date "2011.07.03"]
[Round "1.9"]
[White "Konstantinidis, Konstantinos"]
[Black "Roinos, Ilias"]
[Result "1-0"]
[WhiteElo "1943"]
[BlackElo "1762"]
[WhiteTeam "OS Triandria"]
[BlackTeam "AO Zenon Glyfadas"]
[WhiteFideId "4216199"]
[BlackFideId "4232402"]
[EventDate "2011.07.03"]

1. e4 c5 2. Nf3 e6 3. d4 cxd4 4. Nxd4 Qc7 5. c4 Nf6 6. Bd3 a6 7. O-O Be7 8. Qe2
d6 9. Nc3 Nbd7 10. f4 b6 11. Bd2 h5 12. Kh1 Nc5 13. Bc2 Bd7 14. Rae1 O-O-O 15.
b4 Nb7 16. a4 h4 17. a5 Nh5 18. Rf3 Rh7 19. Kg1 g6 20. b5 Nxa5 21. Na4 Nb7 22.
bxa6 Nc5 23. Nc3 Nxa6 24. Ra1 Qb7 25. Ndb5 Bc6 26. Nd4 Bd7 27. Ba4 Nf6 28. Ndb5
Ne8 29. Be3 Nc5 30. Bc2 Na6 31. Qf2 Nc5 32. Ra7 Qb8 33. Bb1 Bf6 34. e5 Be7 35.
Bxc5 dxc5 36. Qa2 Bc6 37. Rxe7 Rd7 38. Rxe8+ 1-0

[Event "39th TCh-GRE"]
[Site "Eretria GRE"]
[Date "2011.07.03"]
[Round "1.9"]
[White "Drakoulakos, Grigorios"]
[Black "Tsaknakis, Zisis"]
[Result "1-0"]
[WhiteElo "1694"]
[BlackElo "1579"]
[WhiteTeam "AO Zenon Glyfadas"]
[BlackTeam "OS Triandria"]
[WhiteFideId "4264541"]
[BlackFideId "4259963"]
[EventDate "2011.07.03"]

1. d4 Nf6 2. c4 g6 3. Nc3 Bg7 4. e4 d6 5. f4 O-O 6. Nf3 c5 7. d5 Qa5 8. Bd2 a6
9. Bd3 Bd7 10. Qb3 Qc7 11. O-O e6 12. e5 Ne8 13. Rfe1 dxe5 14. fxe5 f6 15. exf6
Nxf6 16. dxe6 Bc6 17. Nd5 Qd6 18. Bf4 Qd8 19. e7 Qe8 20. exf8=Q+ Qxf8 21. Ne7+
Kh8 22. Bd6 Qd8 23. Ne5 Be8 24. Bxc5 Nbd7 25. Nxd7 Qxd7 26. Rad1 1-0

[Event "39th TCh-GRE"]
[Site "Eretria GRE"]
[Date "2011.07.03"]
[Round "1.10"]
[White "Zenelis, Konstantinos"]
[Black "Rapport, Richard"]
[Result "0-1"]
[BlackTitle "GM"]
[WhiteElo "2179"]
[BlackElo "2545"]
[WhiteTeam "Papagou"]
[BlackTeam "Panionios G.S.S. 2210"]
[WhiteFideId "4204107"]
[BlackFideId "738590"]
[EventDate "2011.07.03"]

1. e4 e5 2. Nf3 Nc6 3. Bb5 a6 4. Bxc6 dxc6 5. O-O Bg4 6. h3 Bh5 7. g4 Bg6 8.
Nxe5 Qh4 9. Qf3 f6 10. Nxg6 hxg6 11. Kg2 O-O-O 12. d3 g5 13. Be3 Ne7 14. Nd2 Kb8
15. Qg3 Qh7 16. f4 gxf4 17. Bxf4 Rd7 18. Nc4 Ng6 19. e5 Qg8 20. Rae1 Bc5 21. e6
Re7 22. Re2 Nh4+ 23. Kh2 Rxe6 24. Bxc7+ Ka7 25. Rfe1 Rxe2+ 26. Rxe2 Qd5 27. Re4
f5 28. gxf5 Nxf5 29. Qe5 Nd4 30. Ne3 Nf3+ 31. Kg3 Nxe5 32. Nxd5 cxd5 33. Rxe5
Rc8 34. Ba5 Bd6 35. Bc3 Rxc3 0-1

[Event "39th TCh-GRE"]
[Site "Eretria GRE"]
[Date "2011.07.03"]
[Round "1.10"]
[White "Prohaszka, Peter2"]
[Black "Koutsangellou, Ioannis"]
[Result "1-0"]
[WhiteTitle "GM"]
[WhiteElo "2547"]
[BlackElo "2112"]
[WhiteTeam "Panionios G.S.S. 2210"]
[BlackTeam "Papagou"]
[WhiteFideId "726265"]
[BlackFideId "4201981"]
[EventDate "2011.07.03"]

1. d4 Nf6 2. c4 g6 3. Nc3 Bg7 4. e4 d6 5. Bd3 O-O 6. Nge2 Nc6 7. O-O e5 8. d5
Nd4 9. Nxd4 exd4 10. Ne2 Re8 11. f3 c5 12. Bg5 Qc7 13. Qc2 Nd7 14. f4 b5 15.
cxb5 a6 16. a4 axb5 17. axb5 Rxa1 18. Rxa1 h6 19. Bh4 g5 20. Bg3 Nf6 21. fxg5
hxg5 22. Ra8 Ng4 23. Qa4 Qb6 24. Qa7 Qxa7 25. Rxa7 Ne3 26. Rc7 Bg4 27. Nc1 Be5
28. Bxe5 dxe5 29. h3 Rc8 30. b6 Rxc7 31. bxc7 Bc8 32. b3 Kf8 33. d6 f5 34. Ba6 1-0

[Event "39th TCh-GRE"]
[Site "Eretria GRE"]
[Date "2011.07.03"]
[Round "1.10"]
[White "Kaloskambis, Mihail"]
[Black "Kofidis, Andreas"]
[Result "0-1"]
[BlackTitle "IM"]
[WhiteElo "2011"]
[BlackElo "2415"]
[WhiteTeam "Papagou"]
[BlackTeam "Panionios G.S.S. 2210"]
[WhiteFideId "4203569"]
[BlackFideId "4200217"]
[EventDate "2011.07.03"]

1. d4 Nf6 2. c4 g6 3. Nc3 Bg7 4. e4 d6 5. f3 Nbd7 6. Bg5 h6 7. Be3 e5 8. d5 O-O
9. Qd2 Nh7 10. Nh3 f5 11. O-O-O f4 12. Bg1 a5 13. Nf2 b6 14. Kb1 g5 15. Bd3 Nc5
16. Bc2 h5 17. h3 Bd7 18. Nd3 Qe8 19. Rc1 Nf6 20. Qd1 Bh6 21. Nxc5 dxc5 22. Ba4
Bxa4 23. Nxa4 Qd7 24. Bf2 Ne8 25. Qb3 Nd6 26. Qd1 Rf7 27. b3 Bg7 28. Qd3 Bf6 29.
Nc3 Rg7 30. Nb5 Kf7 31. a3 Be7 32. Be1 Nxb5 33. cxb5 Bd6 34. Qc4 Qe7 35. Bc3
Rgg8 36. Rcg1 Qf6 37. Rc1 Ke7 38. Rc2 Kd7 39. Rhc1 g4 40. hxg4 hxg4 41. Rh1 Rh8
42. Rxh8 Rxh8 43. b4 axb4 44. axb4 Rh1+ 45. Kb2 gxf3 46. gxf3 Qg7 47. bxc5 Bxc5
48. d6 cxd6 49. Qd5 Ke7 50. Qb7+ Kf6 51. Qc8 Rh8 52. Qf5+ Ke7 53. Qxf4 exf4 54.
Bxg7 Rh3 55. Rc3 Kf7 56. e5 Kxg7 57. exd6 Bd4 58. d7 Rh8 0-1

[Event "39th TCh-GRE"]
[Site "Eretria GRE"]
[Date "2011.07.03"]
[Round "1.10"]
[White "Stoumbou, Eleni"]
[Black "Pavlogianni, Despina"]
[Result "1-0"]
[WhiteElo "1873"]
[BlackElo "1925"]
[WhiteTeam "Panionios G.S.S. 2210"]
[BlackTeam "Papagou"]
[WhiteFideId "4210174"]
[BlackFideId "4209982"]
[EventDate "2011.07.03"]

1. e4 d5 2. exd5 Qxd5 3. Nc3 Qa5 4. d4 c6 5. Nf3 Nf6 6. Bd2 Bf5 7. Bc4 e6 8. Qe2
Nbd7 9. d5 cxd5 10. Nxd5 Qc5 11. Bb4 Qc8 12. Nxf6+ gxf6 13. Bxf8 Kxf8 14. Nd4
Nb6 15. Bb3 Bg6 16. O-O h5 17. h4 e5 18. Nb5 a6 19. Nd6 Qc6 20. Rad1 Rg8 21. f3
Nc8 22. Ne4 Ne7 23. Rd6 Qc7 24. Rxf6 Nf5 25. Qf2 Rd8 26. Ng5 Kg7 27. Rxg6+ Kxg6
28. Bxf7+ Kf6 29. Bxg8 Rxg8 30. Rd1 Rg7 31. c3 Qc4 32. Qb6+ Qc6 33. Ne4+ Kg6 34.
Qxc6+ bxc6 35. g3 Rf7 36. Kf2 Rb7 37. b3 a5 38. Rd8 Rb5 39. Rc8 Ne7 40. Rc7 Kf7 1-0

[Event "39th TCh-GRE"]
[Site "Eretria GRE"]
[Date "2011.07.03"]
[Round "1.10"]
[White "Poulopoulou, Ekaterini"]
[Black "Koutsidi, Amalia"]
[Result "1-0"]
[WhiteElo "1450"]
[BlackElo "1231"]
[WhiteTeam "Panionios G.S.S. 2210"]
[BlackTeam "Papagou"]
[WhiteFideId "4244206"]
[BlackFideId "4244710"]
[EventDate "2011.07.03"]

1. e4 c5 2. Nc3 Nc6 3. d3 g6 4. Be3 d6 5. g3 Bg7 6. Bg2 Rb8 7. Nge2 b5 8. a3 a5
9. Qd2 b4 10. axb4 axb4 11. Na4 Qa5 12. O-O Qc7 13. c3 Bd7 14. Bf4 Ne5 15. Bxe5
Bxe5 16. f4 Bg7 17. cxb4 cxb4 18. Kh1 e6 19. Rfc1 Qd8 20. Qc2 Ne7 21. d4 e5 22.
fxe5 dxe5 23. d5 f5 24. d6 Ng8 25. Qc7 Qxc7 26. dxc7 Ra8 27. exf5 Bxa4 28. Rxa4
Rc8 29. Bb7 Rxc7 30. Rxc7 Kd8 31. Rxg7 Ne7 32. Ra8+ Kd7 33. Rxh8 1-0

[Event "39th TCh-GRE"]
[Site "Eretria GRE"]
[Date "2011.07.03"]
[Round "1.10"]
[White "Georgantas, Antonios1"]
[Black "Tsokopoulos, Dedalos"]
[Result "0-1"]
[WhiteElo "1729"]
[BlackElo "1992"]
[WhiteTeam "Papagou"]
[BlackTeam "Panionios G.S.S. 2210"]
[WhiteFideId "4212894"]
[BlackFideId "4211944"]
[EventDate "2011.07.03"]

1. e4 c5 2. Nf3 e6 3. b3 d6 4. c4 Nf6 5. Nc3 Be7 6. Bb2 O-O 7. Be2 Na6 8. O-O
Qc7 9. d4 cxd4 10. Nxd4 b6 11. Bd3 Bb7 12. Qf3 Nd7 13. Bc2 Rfd8 14. Qh3 Qc5 15.
Nxe6 fxe6 16. Qxe6+ Kf8 17. Nd5 Re8 18. Rad1 Bxd5 19. exd5 Bd8 20. Qh3 h6 21.
Bg6 Re7 22. Rfe1 Qc8 23. Re6 Ne5 24. Bf5 Rxe6 25. Bxe5 dxe5 26. dxe6 Be7 27. Qe3
Qc7 28. Qf3 Rd8 29. h4 Rxd1+ 30. Qxd1 Qd6 31. Qxd6 Bxd6 32. f3 Ke7 33. Kf2 Kf6
34. Ke3 Nc7 35. g4 Nxe6 36. Bxe6 Kxe6 37. a4 g6 38. Ke4 h5 39. Kd3 Be7 40. gxh5
gxh5 41. Ke4 Bxh4 42. b4 Bf2 43. a5 bxa5 0-1

[Event "39th TCh-GRE"]
[Site "Eretria GRE"]
[Date "2011.07.03"]
[Round "1.10"]
[White "Alexiou-Karakasidis, Stavros"]
[Black "Koutsidis, Achilleas"]
[Result "0-1"]
[WhiteElo "1422"]
[BlackElo "1554"]
[WhiteTeam "Panionios G.S.S. 2210"]
[BlackTeam "Papagou"]
[WhiteFideId "4255046"]
[BlackFideId "4243080"]
[EventDate "2011.07.03"]

1. e4 c5 2. Nf3 d6 3. d4 cxd4 4. Nxd4 Nf6 5. Nc3 g6 6. Be3 Bg7 7. f3 Nc6 8. Qd2
O-O 9. O-O-O Nxd4 10. Bxd4 Be6 11. Kb1 Qc7 12. h4 Rfc8 13. h5 Qa5 14. Nd5 Qxd2
15. Nxf6+ Bxf6 16. Rxd2 Bxd4 17. Rxd4 Kg7 18. Bd3 Rc5 19. hxg6 hxg6 20. Rb4 b6
21. Rb5 Kf6 22. Rxc5 bxc5 23. f4 Rb8 24. c4 Bd7 25. b3 a5 26. Kc2 a4 27. Kc3
axb3 28. axb3 Ra8 29. Kb2 Bc6 30. Re1 Rh8 31. Kc3 Rh2 32. g4 Rf2 33. f5 g5 34.
Rh1 Rf4 35. e5+ Kxe5 36. Re1+ Kf6 37. Be2 Bf3 38. Bxf3 Rxf3+ 39. Kc2 Rf4 40. Rg1
Ke5 41. Re1+ Re4 42. Rg1 Kf4 43. Kd3 Re3+ 44. Kc2 Rg3 45. Re1 Re3 46. Rg1 Kf3
47. f6 Re2+ 48. Kc3 exf6 49. Rf1+ Rf2 50. Rd1 Kxg4 51. Rxd6 Rf5 52. Rd5 Kf4 53.
b4 cxb4+ 54. Kxb4 Ke4 55. Rxf5 Kxf5 56. Kb5 Ke6 57. c5 Kd7 0-1